01580nam a22002417a 45000010005000000030006000050050017000110080041000280200018000690400029000870500014001160820018001301000019001482450180001672500042003472600037003893000044004265050008004705200789004785210020012675210020012876500031013075058FISKH20241104113150.0241104b cb ||||| |||| 00| 0 eng d a9780439779869 aFISKHbengcFISKHdFISKH aSF416.C48 a818.540308036 aCanfield, Jack aChicken Soup for the Pet Lover's Soul : bStories About Pets as Teachers, Healers, Heroes and Friends /cby Jack Canfield, Marty Becker D.V.M., Mark Victor Hansen, Carol Kline aFirst Scholastic printing, March 2005 aNew York : bScholastic ;c1998. a403 pages : billustrations ;c22 cm .  aZ  aAnimals bring out the goodness, humanity and optimism in people and speak directly to our souls. This joyous, inspiring and entertaining Chicken Soup collection relates the unique bonds between animals and the people whose lives they've changed. Such as the dolphins who helped a paralyzed woman heal when doctors offered little hope; the dog who brought life into a failing marriage; the kitten who helped a mother mourn; and the flying squirrel who taught a man the power of laughter. Packed with celebrity pet-lore, Chicken Soup for the Soul relates the unconditional love, loyalty, courage and companionship that only animals possess. Just like our furry, feathered and four-legged friends, this enchanting book will bring a smile to any pet lover's face ... and it's housebroken!8 a920 bLexile 8 aZ bRaz-Plus  ainspirationalvnon-fiction